| LEADER |
00851nam0a2200217 450 |
| 001 |
16868303 |
| 010 |
|
|
|a 978-2-7316-2398-7
|b cart.
|d 14,5
|
| 100 |
|
|
|a 20180312d2018 u u0frey01 ba
|
| 101 |
0 |
|
|a fre
|
| 102 |
|
|
|a FR
|
| 200 |
0 |
|
|a Léviathan
|f scénario Christophe Bec
|g dessin Ennio Bufi - coul. Andréa Meloni
|
| 207 |
|
1 |
|a
|
| 215 |
|
|
|a 1 vol. (56 p.)
|c illustrations en couleur
|d 32 x 24 cm
|
| 330 |
|
|
|a A la tête d'une expédition scientifique effectuant des recherches sur les mégalodons, Lou Melville n'a pas perdu le goût de l'exploration.
|
| 461 |
|
0 |
|t Carthago
|v 08
|
| 700 |
|
0 |
|a Bec
|b Christophe
|4 70
|
| 701 |
|
0 |
|a Bufi
|b Ennio
|4 440
|
| 702 |
|
0 |
|a Meloni
|b Andréa
|4 70
|
| 900 |
|
|
|a Bande dessinée (adultes)
|
| 901 |
|
|
|a Adultes
|
| 995 |
|
|
|a Médiathèque
|c Médiathèque
|f 00156006197073
|h 00156006197073
|k BDA BEC CAR 8
|o p
|q a
|r az
|e Médiathèque
|